Vodní hospodářství

Bibliographic Details
Main Author: Bezdíček, Vilibald (Author)
Format: Book
Language:Czech
PhysicalDescription:294 s. 4°
Published: Praha Státní nakladatelství technické literatury 1960
Series:Učební texty vysokých škol

MARC

LEADER 00000nam a2200000 a 4500
001 vtls001279764
003 SK-MaSNL
005 20260301004243.0
008 251113s1960 xr 0 cze
035 |a SNK000231128 
040 |a SNK  |b slo  |c SNK  |e AACR2 
044 |a xr  |c CZ 
100 1 |a Bezdíček, Vilibald  |4 aut  |9 286811 
245 1 0 |a Vodní hospodářství  |c Vilibald Bezdíček 
260 |a Praha  |b Státní nakladatelství technické literatury  |c 1960 
300 |a 294 s.  |c 4° 
490 1 |a Učební texty vysokých škol 
830 0 |a Učební texty vysokých škol  |9 282281 
999 |c 541613  |d 543543 
952 |t P60, <04>, [BOOK], {604}  |a SNK  |b SNK  |y VYP  |7 0  |o snkIB 9781  |i snkKIP 3252/60  |0 0  |1 0  |4 0  |d 1997-03-12  |l 0  |r 2005-01-02 00:00:00  |w 2026-02-23 
952 |t P60, <04>, [BOOK], {604}  |a SNK  |b SNK  |y VYP  |7 0  |o snkIB 9781 D1  |i snkKIP 3253/60  |0 0  |1 0  |4 0  |d 1997-03-12  |l 0  |r 2005-01-02 00:00:00  |w 2026-02-23